| 000 | 00551nam a22001577a 4500 | ||
|---|---|---|---|
| 003 | OSt | ||
| 005 | 20151118102456.0 | ||
| 008 | 151118b xxu||||| |||| 00| 0 eng d | ||
| 040 | _cRUA | ||
| 082 | _aFIS ហ៊ីង 1993 B153 Or.1 | ||
| 100 |
_93844 _aហ៊ីង សុផានណារិទ្ធ |
||
| 245 | _aការធ្វើនេសាទគ្រួសារនៅស្រុកព្រៃនប់ ក្រុងព្រះសីហនុ, | ||
| 260 |
_aPhnom Penh _bRUA _c1993 |
||
| 300 |
_a154p. _bill. _c29cm. |
||
| 942 |
_2ddc _cFIS |
||
| 999 |
_c3575 _d3575 |
||